书目信息 |
| 题名: |
中国名园观赏
|
|
| 作者: | 荣立楠 编 | |
| 分册: | ||
| 出版信息: | 北京 金盾出版社 2003 |
|
| 页数: | 242页 | |
| 开本: | 19cm | |
| 丛书名: | 中国名胜观赏丛书 | |
| 单 册: | ||
| 中图分类: | K928.73 | |
| 科图分类: | ||
| 主题词: | 古典园林--简介--中国 | |
| 电子资源: | ||
| ISBN: | 7-5082-2690-9 | |
| 000 | 00776oam2 2200241 45 | |
| 001 | 002525296 | |
| 005 | 20050104084947.2 | |
| 010 | @a7-5082-2690-9@dCNY11.00 | |
| 100 | @a20031211d2003 em y0chiy0110 ea | |
| 101 | 0 | @achi |
| 102 | @aCN@b110000 | |
| 105 | @aaf z 000yy | |
| 200 | 1 | @a中国名园观赏@Azhong guo ming yuan guan shang@f荣立楠编@FRong Li Nan Bian |
| 210 | @a北京@c金盾出版社@d2003 | |
| 215 | @a242页@c照片@d19cm | |
| 225 | 2 | @a中国名胜观赏丛书 |
| 330 | @a本书图文并茂,精选全国各地81处著名园林,结合通俗的文字,对其不同的风格特征、蕴含的文化与艺术特点等进行阐述。 | |
| 410 | @12001 @a中国名胜观赏丛书 | |
| 606 | 0 | @a古典园林@x简介@y中国 |
| 690 | @aK928.73@v4 | |
| 701 | 0 | @a荣立楠@4编 |
| 801 | 0 | @aCN@bNLC@c20040319 |
| 905 | @b341782-786@dK928.73@e274@f5 | |
| 中国名园观赏/荣立楠编.-北京:金盾出版社,2003 |
| 242页:照片;19cm.-(中国名胜观赏丛书) |
| ISBN 7-5082-2690-9:CNY11.00 |
| 本书图文并茂,精选全国各地81处著名园林,结合通俗的文字,对其不同的风格特征、蕴含的文化与艺术特点等进行阐述。 |
| ● |
| 相关链接 |
|
|
|
|
正题名:中国名园观赏
索取号:K928.73/274
 
预约/预借
| 序号 | 登录号 | 条形码 | 馆藏地/架位号 | 状态 | 备注 |
| 1 | 0341782 | 203417828 | 第二样本阅览室/ [索取号:K928.73/274] | 在馆 | |
| 2 | 0341783 | 203417837 | 第二借阅区/ [索取号:K928.73/274] | 在馆 | |
| 3 | 0341784 | 203417846 | 第二借阅区/ [索取号:K928.73/274] | 在馆 | |
| 4 | 0341785 | 203417855 | 第二借阅区/ [索取号:K928.73/274] | 在馆 | |
| 5 | 0341786 | 203417864 | 第二借阅区/ [索取号:K928.73/274] | 在馆 |